000 00584nam a2200205Ia 4500
008 220216s9999 xx 000 0 und d
100 _aRatnam C T
245 0 _aElectron-beam irradiation of poly(vinyl chloride)/epoxidized natural rubber blend in the presence of irganox 1010
260 _bPolymer Degradation and Stability
_c2001
300 _a147-155
650 _aAntioxidants
650 _aCrosslinking
650 _aIrganox
650 _aIrradiation
650 _aIrradiation-induced
700 _aBaharin A
700 _aNasir M
700 _aZaman K
942 _cJS
999 _c58536
_d58536